Wiedza ogólna z biologii - Statystyki

Ogólne statystyki
  • Ten quiz został rozwiązany 335 razy
  • Średni wynik to 10 z 15
Statystyki odpowiedzi
Zagadnienie Odpowiedź % Poprawnych
Ile nerek ma człowiek? 2
97%
Do jakiej gromady należą delfiny? Ssaki
93%
Czym jest mitochondrium? Organellum wytwarzającym energie
88%
Z czego składa się serce człowieka? Z dwóch komór i dwóch przedsionków
81%
Do jakiej gromady organizmów należy pantofelek? Protistów
78%
Ikra- to jaja składane przez? Ryby
75%
Jeśli oboje rodzice mają brązowe oczy, to ich dziecko może mieć oczy niebieskie? Tak, może
67%
Czy wszystkie ssaki są żyworodne? Nie
66%
Które z poniżej wymienionych organelli nie wchodzi w skład komórki zwierzęcej? Ściana komórkowa
64%
Hormon powodujący skurcze macicy podczas porodu to? Oksytocyna
59%
Która z zasad azotowych nigdy nie łączy się z adeniną? Guanina
57%
Cukrem zapasowym u roślin jest? Skrobia
57%
Podczas fotosyntezy wytwarzane są: Glukoza i tlen
54%
Przykład symbiozy to na przykład? Ścisła współpraca grzybów z glonami tworząc porosty
50%
Z ilu paliczków ma człowiek u jednej dłoni? 14
40%
Nie znaleziono quizów pasujących do podanych kryteriów
Rozkład punktacji
Procent ludzi z każdym wynikiem
Percentyl według liczby udzielonych odpowiedzi
Twoja historia wyników
Nie rozwiązałeś tego quizu